000 00587nam a22002057a 4500
003 OSt
005 20140310182215.0
008 130906t xxu||||| |||| 00| 0 eng d
020 _a1863431950
050 _aTX 809
_b.F855 1997
082 _aHS 641.822
_bF87 1997
100 _aFreeman, Kim
_916956
245 _aVegetarian pasta /
_cKim Freeman.
260 _aAustralia :
_b AJ. B. Fairfax Press Publication,
_cc1997.
300 _a82 p. :
_bcol. ill. ;
_c28 cm.
650 _aPasta dishes.
_916957
650 _aCookery, French.
_916670
942 _2lcc
_cHS
999 _c10557
_d10557